[Event "16th Delhi GM Open 2018"]
[Site "Delhi"]
[Date "2018.01.12"]
[Round "5"]
[White "Aradhya, Garg"]
[Black "Sivuk, Vitaly"]
[Result "0-1"]
[WhiteElo "2289"]
[BlackElo "2550"]
[Annotator "TA"]
[PlyCount "95"]
[EventDate "2018.??.??"]
[EventType "swiss"]
[EventCountry "IND"]
[SourceTitle "playchess.com"]
[Source "ChessBase"]
[SourceQuality "1"]

{[%evp 9,95,9,15,-6,-8,1,0,-13,41,0,14,0,6,10,25,-8,25,-18,16,25,29,-100,-82,-105,-114,-102,-104,-112,-104,-118,-126,-212,-216,-216,-207,-216,-116,-104,-114,-131,-123,-177,-177,-190,-180,-176,-171,-228,-219,-393,-393,-388,-398,-389,-395,-384,-379,-377,-379,-348,-330,-375,481,-464,0,-357,-324,-411,-409,-431,0,-330,0,-358,-328,-331,-305,-319,-310,-341,-361,-403,-397,-375,-371,-360,-354,-329]} 1. Nf3 g6 2. c4 Bg7 3. d4 d6 4. Nc3 e5 5. Bg5 f6 6. Bh4 {A41: 1 d4 d6: Tartakower System and Modern Defence} (6. Be3 Nh6 7. g3 Nf5 8. Bc1 O-O 9. Bg2 Nc6 10. d5 Nce7 11. O-O Nh6 12. e4 f5 13. c5 {1-0 (44) Ovsejevitsch,S (2601)-Drozdowski,K (2478) Ceske Budejovice 2017}) 6... g5 7. Bg3 f5 {Strongly threatening ...f4.} 8. h3 {[%cal Rd4e5] The position is equal.} g4 ({Better is} 8... exd4 $11 9. Nxd4 f4) 9. hxg4 $14 fxg4 10. dxe5 gxf3 11. exd6 cxd6 12. exf3 $146 ({Predecessor:} 12. Bxd6 Ne7 13. Qd3 {0-1 (40) Orsag,M (2390)-Chernikov,O (2395) Brno 1993}) 12... Ne7 13. c5 Qa5 14. Qd2 dxc5 {And now ...Nbc6 would win.} 15. O-O-O (15. Nb5 $11 {remains equal.} Qxd2+ 16. Kxd2) 15... Nbc6 $17 16. Bc4 {Threatening Rhe1.} Bf5 {aiming for ...Rd8.} 17. Nb5 Qxd2+ 18. Rxd2 Kf8 19. Bd6 h5 20. Nc7 (20. Bxc5 $17 {was called for.} b6 21. Bd6) 20... Rd8 $19 21. Bxc5 {Black should prevent Rxd8+.} Rxd2 22. Kxd2 Bd4 ({Black should try} 22... Bxb2 $19 23. Ne6+ Bxe6 24. Bxe6 b6) 23. Bxd4 $17 Nxd4 24. Rh4 Ndc6 25. Rf4 (25. g4 $17) 25... Kg7 $19 26. g4 Bc8 27. gxh5 Bf5 ({Don't play} 27... Rxh5 28. Ne8+ Kh6 29. Rf6+ Kg5 30. f4+ Kh4 31. Nd6 $17) 28. Rh4 (28. Bd3 {keeps fighting.} Bxd3 29. Ne6+ Kh6 30. Kxd3) 28... Ne5 29. h6+ $2 {[#]} (29. Rf4) 29... Kh7 30. Be2 Rd8+ 31. Ke1 Rc8 32. Nb5 Rc1+ 33. Kd2 Rc2+ 34. Kd1 Rxb2 {[#] Threatens to win with ...Rb1+.} 35. Nd4 Rc2 $4 {[%mdl 8192]} (35... Bd3 $19 {and all is fine. ...Bxe2+ is the strong threat.} 36. Bxd3+ Nxd3) 36. Nb5 $4 {[%mdl 8192]} (36. Nxc2 $18 b6 37. Ne3) 36... Rb2 {Hoping for ...Rb1+.} 37. Nd4 N5g6 ({But not} 37... Rxa2 38. Nxf5 N5g6 39. Rb4 $19) 38. Rh2 Nf4 39. Bc4 Nfg6 40. Be2 $1 Nf4 41. Bc4 Rb4 42. Nxf5 Nxf5 43. Bb3 Nxh6 44. Kd2 Kg6 45. Kd1 {Black is winning.} Rd4+ 46. Kc2 Nf5 47. Rh8 Ne2 48. Rg8+ {Precision: White = 46%, Black = 59%.} 0-1

[Event "16th Delhi GM Open 2018"]
[Site "Delhi"]
[Date "2018.01.12"]
[Round "5"]
[White "Gajwa Ankit"]
[Black "Lalith Babu M R"]
[Result "1-0"]
[WhiteElo "2284"]
[BlackElo "2542"]
[Annotator "TA"]
[PlyCount "163"]
[EventDate "2018.??.??"]
[EventType "swiss"]
[EventCountry "IND"]
[SourceTitle "playchess.com"]
[Source "ChessBase"]
[SourceQuality "1"]

{[%evp 28,163,-27,-22,0,-14,0,-27,0,-44,0,-12,0,0,86,-32,0,0,0,0,0,-7,0,0,5,0,0,0,0,-106,0,0,0,-89,0,0,0,0,0,0,0,0,0,-53,0,0,0,0,0,0,0,0,0,0,0,-20,86,0,0,0,0,0,0,-56,-41,-20,0,0,39,34,62,0,0,0,0,0,15,0,0,-13,0,-7,0,0,0,-36,-48,-77,-10,-119,-8,-18,0,0,0,0,0,0,0,0,138,44,41,0,7,0,61,0,107,96,114,109,202,-133,10,0,217,219,1333,1308,29991,-29985,212,0,29987,29988,29989,29990,29990,29991,29991,29992,29992,29993,29993,0,5514,0]} 1. e4 c6 2. d4 d5 3. Nd2 dxe4 4. Nxe4 Bf5 5. Ng3 Bg6 6. h4 {[%cal Bh2h4,Bh4h5][%mdl 32]} h6 7. Nf3 Nd7 8. h5 Bh7 9. Bd3 Bxd3 10. Qxd3 e6 11. Bd2 Ngf6 12. O-O-O Be7 13. Kb1 Qb6 {B19: Caro-Kann (Hauptvariante)} 14. c4 O-O 15. Bf4 {[#] LiveBook: 7 Partien} Qa6 $146 {Die Stellung ist ausgeglichen.} ({Vorgänger:} 15... Rad8 16. Qc2 c5 17. d5 Rfe8 18. Nf1 exd5 19. cxd5 Ng4 20. Ne3 Nxe3 21. fxe3 {½-½ (53) Bogner,S (2599)-Donchenko,A (2559) Douglas 2017}) 16. Ne5 Rad8 17. Qe2 Rfe8 18. Qd3 Rf8 19. Qe2 Rfe8 20. Ne4 Rf8 (20... Nxe4 $11 21. Qxe4 Nxe5 22. dxe5 Bc5) 21. Ng3 (21. Nxf6+ $16 Bxf6 22. Ng4) 21... Rfe8 22. Ne4 Nxe4 23. Qxe4 Nxe5 24. dxe5 Bc5 25. g4 Qa4 (25... Bxf2 26. g5 $16) 26. b3 Qb4 27. Qc2 Be7 28. Qe4 (28. Bd2 $11 Qc5 29. f4) 28... Bc5 (28... a5 $1 $17 29. Qe2 a4) 29. Qc2 Be7 (29... Rxd1+ $11 30. Rxd1 Qb6) 30. Qe4 $17 Bc5 (30... a5 $1 $17) 31. Qc2 $11 Be7 32. Bd2 Qc5 33. f4 a5 34. Qc3 Qb6 35. Qc2 (35. g5 $11) 35... Qc5 (35... a4 $1 $15) 36. Qc3 Qb6 37. Qc2 Qc5 38. Qc3 Qb6 39. Qxa5 Qf2 40. Qc3 Qe2 41. Qc2 Qf2 (41... Qxg4 $11 {hält das Gleichgewicht.} 42. Rdg1 Qf3) 42. Qc3 (42. g5 $1 $16) 42... Qe2 43. Qc2 Rd7 44. Bc1 Rxd1 45. Rxd1 ({Besser ist} 45. Qxe2 $11 Rxh1 46. Qf3) 45... Qxg4 $15 46. Rd7 b6 47. Qd1 Qh4 48. Qf3 Rc8 49. Rd1 (49. a4 $14) 49... Bc5 50. f5 exf5 51. Qxf5 Rf8 52. Rf1 Qe7 53. Qe4 Qe6 54. Qf5 Qe7 55. Qe4 Qe6 56. Rf3 Rd8 57. Bb2 Be7 (57... Rd1+ $17 58. Kc2 Rh1) 58. Rd3 (58. Kc2 $11) 58... Re8 (58... Rxd3 $17 59. Qxd3 Qg4) 59. a4 $11 Rb8 60. Qd4 Qf5 {zielt auf ...Td8 ab.} 61. Qd7 Qe4 {...Td8 ist eine echte Drohung.} 62. Qd4 Qh1+ 63. Ka2 $1 {Und e6! würde nun gewinnen.} Qg2 (63... Rd8 $11 {bleibt in der Remisbreite.} 64. Qc3 Qxh5) 64. Rd2 (64. Qd7 $16 Qe2 65. Rg3) 64... Qg5 $14 65. Re2 Qf5 $132 {[%mdl 2048] Schwarz is not keeping still} 66. Rd2 (66. e6 $11 f6 67. Qg1) 66... Qg5 {Und weiter mit ...Td8 wäre nett.} 67. Re2 ({Lieber} 67. Rh2 $1 $14) 67... b5 (67... Qf5 $11) 68. cxb5 $16 cxb5 69. Qa7 $1 {[%cal Ra7b8]} Rc8 (69... Re8 $16) 70. Qd4 $2 (70. Qb7 $1 $18 {[%cal Rb7c8]} Rf8 71. Rg2 (71. axb5 Qg4 $16)) 70... Rb8 (70... Rd8 $1 $17 {[%cal Rd8d4]} 71. Qe4 bxa4 72. bxa4 Qxh5) 71. Qa7 $2 (71. e6 $11 f6 72. Qa7) 71... Rc8 $1 $18 {Mit der Idee ...bxa4.} 72. Qb7 $1 {[%cal Rb7c8]} Rd8 $2 (72... Re8) 73. Rg2 Rb8 74. Re2 $4 {[%mdl 8192]} (74. Qxb8+ {war der einzige Gewinnzug.} Kh7 75. Rxg5 hxg5 76. axb5 g4 77. Qe8 g3 78. Qxe7 g2 79. Qg5) 74... Rd8 $4 {[%mdl 8192] [#]} (74... Rxb7 {setzt Matt} 75. a5 Ra7 76. e6 Rxa5+ 77. Kb1 fxe6 78. Rc2 Qxh5 79. Rc8+ Kf7 80. Rc2 Qd1+ 81. Rc1 Qd3+ 82. Rc2 b4 83. Bc1 Rc5 84. Bb2 Rxc2 85. Ka1 Qxb3 86. Be5 Rc1#) 75. Rg2 $2 ({Nicht} 75. Qxb5 Qxh5 76. Qc4 Bf8 $14) (75. a5 $1 $18 Bf8 76. a6 (76. Qxb5 Qf5 $14)) 75... Qh4 $2 {[%mdl 8192]} (75... Rb8 $11 76. Qxb8+ Kh7 77. Rxg5 hxg5) 76. e6 $1 fxe6 77. Rxg7+ Kf8 78. Qf3+ Ke8 79. Qc6+ Rd7 80. Qc8+ Rd8 81. Qc6+ (81. Qxe6 $142 Qg5 82. Rh7 Qf6 83. Bxf6 Rd2+ 84. Bb2 Rxb2+ 85. Kxb2 Kd8 86. Rxe7 bxa4 87. Qd7#) 81... Rd7 82. Qc8+ $2 {[%mdl 32768] Precision: Weiß = 51%, Schwarz = 37%. . Loss on Time!?} (82. Rg8+ $18 Bf8 {[#]} 83. Rxf8+ $1 {[%mdl 512]} Kxf8 84. Qxd7) 1-0

[Event "16th Delhi GM Open 2018"]
[Site "Delhi"]
[Date "2018.01.12"]
[Round "5"]
[White "Matta, Vinay Kumar"]
[Black "Karthikeyan, P.."]
[Result "1/2-1/2"]
[WhiteElo "2269"]
[BlackElo "2497"]
[Annotator "TA"]
[PlyCount "77"]
[EventDate "2018.??.??"]
[EventType "swiss"]
[EventCountry "IND"]
[SourceTitle "playchess.com"]
[Source "ChessBase"]
[SourceQuality "1"]

{[%evp 14,77,42,30,21,22,25,12,25,7,16,20,21,16,45,41,46,-47,35,0,41,33,37,-4,-17,-37,31,27,21,28,24,18,52,47,224,0,43,0,226,0,71,0,98,94,95,65,62,46,31,34,35,45,89,5,20,23,68,25,10,16,23,11,93,90,114,104]} 1. e4 Nc6 2. Nf3 e5 3. Bb5 Nge7 4. O-O g6 5. c3 a6 6. Ba4 Bg7 7. d4 exd4 8. cxd4 b5 {C60: Ruy Lopez: Unusual Black 3rd moves and 3...g6} 9. Bb3 (9. Bc2 d6 10. Nc3 Bg4 11. Be3 O-O 12. Qd2 Bxf3 13. gxf3 f5 14. Ne2 Qd7 15. Kh1 Kh8 16. a4 {1-0 (47) Saric,I (2669)-Movsesian,S (2647) Riadh 2017}) 9... O-O 10. Nc3 Na5 {The position is equal.} 11. Bc2 d6 12. h3 c5 13. d5 h6 14. Re1 Nc4 15. Rf1 (15. Rb1 $14) 15... Na5 (15... f5 $15) 16. Re1 Nc4 17. Bd3 Nb6 18. a4 $146 ({Predecessor:} 18. Bf1) 18... b4 19. Nb1 c4 ({Black should play} 19... a5 $15) 20. a5 $14 cxd3 21. axb6 Qxb6 22. Qxd3 Qb7 23. Nbd2 {aiming for Nc4.} Qb6 $2 (23... f5 $14) 24. Nb1 $2 (24. Nc4 $18 Qb8 25. Be3) 24... Qb7 25. Nbd2 $2 (25. Bf4 $14) 25... Qb6 $18 26. Nb1 $2 (26. Nc4 $18 {and White stays clearly on top.} Qb8 27. Qb3) 26... Qb7 $16 {[#]} 27. Nbd2 (27. Bf4 $1 $16) 27... Bd7 (27... Qb6 $11) 28. Nc4 Qc7 {And now ...Bb5 would win.} 29. Bf4 Bb5 30. Rac1 $1 {Threatens to win with Qb3.} g5 31. Bd2 a5 32. b3 Rfc8 33. Qb1 (33. h4 $16) 33... Qd8 $11 34. Ne3 Rxc1 35. Rxc1 Rc8 36. h4 Rxc1+ 37. Bxc1 gxh4 {[#]} (37... Qc8 $11 {keeps the balance.}) 38. Bb2 $1 $16 Bd3 39. Qxd3 {Precision: White = 40%, Black = 49%.} 1/2-1/2

[Event "16th Delhi GM Open 2018"]
[Site "Delhi"]
[Date "2018.01.12"]
[Round "5"]
[White "Nayak Rajesh"]
[Black "Horvath, Adam"]
[Result "0-1"]
[WhiteElo "2247"]
[BlackElo "2484"]
[Annotator "TA"]
[PlyCount "166"]
[EventDate "2018.??.??"]
[EventType "swiss"]
[EventCountry "IND"]
[SourceTitle "playchess.com"]
[Source "ChessBase"]
[SourceQuality "1"]

{[%evp 19,166,0,6,1,0,7,0,5,9,-63,-68,-281,25,-48,0,-293,2,-52,0,-290,26,-82,0,-73,-43,-62,-51,-54,-39,-43,-43,-95,-94,-90,0,-27,0,-92,-75,-2008,0,-87,0,-94,-99,-78,-88,-91,-94,-478,-121,-124,-51,-54,-58,-42,-40,-56,891,-42,0,-50,-41,-62,-71,-75,-71,-118,0,-69,0,-66,-14,-108,-110,-160,-150,-147,-170,-166,-127,-215,-219,-221,-155,-205,-206,-195,-193,-331,-29,-752,0,-324,0,-24,-24,-24,-26,-26,76,-200,-195,-258,-252,-249,-186,-161,-91,-92,-99,-1100,0,-76,0,-962,0,-97,0,-88,-97,-308,-76,-77,-77,-76,-74,-207,-207,-207,-207,-207,-207,-207,-207,-464,-457,-450,0,-218,0,-429,-413,-450,-439,-403,-402,-29995,-29996]} 1. e4 c5 2. Nf3 Nc6 3. d4 cxd4 4. Nxd4 g6 5. Nc3 Bg7 6. Be3 Nf6 7. Bc4 O-O 8. Bb3 Re8 {B35: Sicilian: Accelerated Dragon with 5 Nc3: main line} (8... d5 9. exd5 Na5 10. O-O Nxb3 11. Nxb3 b6 12. d6 e6 13. Qf3 Rb8 14. Rfd1 Bb7 15. Qh3 Rc8 16. Bd4 Nd5 17. Nxd5 Bxd5 18. Bxg7 Kxg7 {1-0 (34) Vachier Lagrave,M (2796)-Gelfand,B (2719) Palma de Mallorca 2017}) 9. f3 e6 10. Qd2 d5 {LiveBook: 7 Games. The position is equal.} 11. O-O-O Nxd4 12. Bxd4 {With the idea exd5.} e5 13. Bf2 {[%cal Re4d5]} d4 14. Nd5 (14. Ne2 $11) 14... Be6 $146 {[%cal Rf6d5]} ({Predecessor:} 14... Nxd5 15. Bxd5 Be6 16. Bxe6 Rxe6 {0-1 (39) Ondrus,M (2261)-Smieszek,W (2185) Katowice 2017}) 15. Nc3 $2 (15. Nxf6+ $15 Qxf6 16. Bxe6 Rxe6 17. Kb1) 15... Bc8 $2 (15... Bxb3 $19 16. axb3 dxc3 17. Qxd8 Bh6+ 18. Kb1 Raxd8 19. bxc3 a6) 16. Nd5 (16. Kb1 $11) 16... Be6 $2 (16... Nxd5 $15 17. Bxd5 Be6 18. Bxe6 (18. Bxb7 Rb8 $17) 18... Rxe6) 17. Nc3 $1 $19 Bc8 $2 (17... Bxb3 $19 18. axb3 dxc3 19. Qxd8 Bh6+ 20. Kb1 Raxd8 21. bxc3 Bd2) 18. Nd5 (18. Ne2 $11) 18... Be6 $2 (18... a5 $15) 19. Nc3 $1 Bc8 $2 (19... Bxb3 $19 20. axb3 dxc3 21. Qxd8 Bh6+ 22. Kb1 Raxd8 23. bxc3 Bd2) 20. Nd5 (20. Kb1 $11 {remains equal.}) 20... Be6 (20... Nxd5 $17 21. exd5 (21. Bxd5 Be6 $15) 21... b5) 21. Nxf6+ (21. Nc3 $1 $11) 21... Bxf6 22. Kb1 Bxb3 23. cxb3 Rc8 24. h4 Re6 25. h5 ({Better is} 25. g4 $15) 25... Bg5 $17 26. Qd3 Bf6 (26... Qc7 $17 27. hxg6 fxg6) 27. Qd2 $11 Bg5 (27... a6 $11) 28. Qd3 $1 $17 Rec6 $36 {[%mdl 2048] Black has strong initiative.} 29. Qd2 $2 {[%mdl 8192]} (29. hxg6 $17 fxg6 30. a3) 29... Re6 $2 (29... Bxd2 $19 30. Ka1 Qg5) 30. Qd3 $1 Rec6 (30... Qc7 $17 {And now ...Rc6 would win.} 31. hxg6 Rxg6) 31. hxg6 (31. Qd2 $1 $11 Bxd2 32. hxg6 fxg6 33. Bg3) 31... fxg6 32. g3 Qc7 {[#]} 33. f4 $1 {[%mdl 512]} exf4 34. Qxd4 $2 {[%mdl 8192]} (34. a3 $17) 34... fxg3 $2 (34... Rd8 $19 35. Qxa7 fxg3) 35. Qd5+ Qf7 (35... Kf8 $1 $17 {( -> ...Rc1+)} 36. Qxg5 gxf2) 36. Bxg3 $15 Qxd5 37. exd5 Rf6 38. Rhe1 Rfc6 $2 {[%mdl 8192]} (38... Rf3 $15 39. Bh2 Rd8) 39. Rh1 $2 (39. dxc6 $18 Rxc6 40. Rd7) 39... Rf6 40. Rhe1 Rf3 41. Be5 Rd8 42. Re4 Rd7 43. Ree1 Rd8 44. Re4 Rd7 (44... h5 $15) 45. Rc4 (45. Ree1 $1 $11) 45... Kf7 (45... Rf5 $15 46. Bc3 h5) 46. Kc2 (46. d6 $11) 46... Bf6 $17 47. Bc3 Rf2+ 48. Kb1 h5 49. d6 Bd8 50. Be5 (50. Rd3 $17) 50... Re2 $19 51. Bg3 Ke6 52. Rf1 g5 53. Rf8 Rg2 $1 {[%cal Rg2g3]} 54. Rc3 (54. Re4+ $142 Kd5 55. Re5+ Kc6 56. Re3) 54... Bb6 $2 (54... h4 $1 $19 {[%cal Rh4g3]} 55. Re3+ Kd5) 55. Rc4 $2 {[%mdl 8192]} (55. Rcf3 $11) 55... Bd8 (55... Rxg3 $142 56. Rc1 h4 57. Re1+ Kxd6) 56. Rc3 $1 Bb6 $2 (56... h4 $1 $19 {[%cal Rh4g3]} 57. Bf2 (57. Re3+ $2 Kd5 $19) 57... Bb6 58. Bxb6 axb6) 57. Rcf3 Bd4 58. Re8+ Kd5 {...h4 is the strong threat.} 59. Rd3 Rf7 {[#]} (59... h4 $11 60. Be5 Rg1+ 61. Kc2 Rg2+ 62. Kc1 Rg1+ 63. Kc2 Rg2+ 64. Kc1 Rg1+ 65. Kc2) 60. d7 $2 {[%mdl 8192]} (60. Re1 $1 $16 {[%cal Re1d1] keeps the pressure on. Strongly threatening Red1.} Rxb2+ 61. Kc1 Rxa2 62. Re5+ Kc6 63. Rxd4) 60... Rxd7 61. Re5+ (61. a4 {was called for.}) 61... Kc6 62. Rxg5 Rxb2+ 63. Kc1 Rxa2 ({Black should try} 63... Rg2 $19 {Hoping for ...Bb2+.} 64. Rg6+ Kd5) 64. Rxh5 $17 Rf7 65. Rg5 $2 {[%mdl 8192]} (65. Rxd4 $2 Rf1+ 66. Rd1 Ra1+ 67. Kc2 Raxd1 $19) (65. Rh6+ $17 Kb5 66. Re6 (66. Rxd4 $2 Rf1+ 67. Rd1 Ra1+ 68. Kc2 Raxd1 $19)) 65... Rd7 $2 (65... Rf1+ $19 66. Rd1 Be3+ 67. Kb1 Rxd1+ 68. Kxa2 Bxg5) 66. Rh5 Rf7 $2 {[%mdl 8192]} (66... Rg2 $17 67. Kb1 Rf7) 67. Rg5 $1 $19 ({Not} 67. Rxd4 $2 Rf1+ 68. Rd1 Ra1+ 69. Kc2 Raxd1 $19) (67. Rh6+ Kb5 $17) 67... Rd7 $2 (67... Rf1+ $19 68. Rd1 Be3+ 69. Kb1 Rxd1+ 70. Kxa2 Rd2+ 71. Kb1 Bxg5) 68. Rh5 $17 Rf7 (68... Rg2 $17 {aiming for ...Bb2+.} 69. Kb1 Rf7) 69. Rh6+ ({Don't blunder} 69. Rxd4 $2 Rf1+ 70. Rd1 Ra1+ 71. Kc2 Raxd1 $19) (69. Rg5 $1 $11) 69... Kb5 {Threatens to win with ...Rf1+.} 70. Be1 $2 ({Don't go for} 70. Rxd4 $2 Rf1+ 71. Rd1 Ra1+ 72. Kc2 Raxd1 $19) (70. Re6 $17 Bc5 71. Re1) 70... Bc5 $2 (70... Rf1 $19 {has better winning chances.} 71. Re6 Ra1+ 72. Kc2 Bc5) 71. Kb1 Re2 72. Rh1 a5 73. Rd2 {[#]} (73. Bc3 $17) 73... Re3 $1 $19 74. Ka2 Rff3 75. Bf2 Rxb3 76. Rh5 Ra3+ 77. Kb2 $2 (77. Kb1 {was the only defense.} Rfb3+ 78. Rb2) 77... Rfb3+ 78. Kc2 Rf3 $2 (78... Rc3+ $19 79. Kb1 Rab3+ 80. Ka2 a4) 79. Kb2 $2 (79. Rxc5+ $11 {and White is okay.} Kb4 80. Kb2) 79... Rfb3+ $2 (79... Rac3 80. Bd4 Rc4 81. Bxc5 Rxc5) 80. Kc2 $1 Rc3+ 81. Kb2 Rab3+ 82. Ka2 Rb4 83. Rdd5 (83. Bxc5 $19 Rxc5 84. Rdh2) 83... Ka4 {Precision: White = 37%, Black = 34%.} 0-1